| 000 | 00975cam a22002895a 4500 | ||
|---|---|---|---|
| 001 | 014606801 | ||
| 003 | Uk | ||
| 005 | 20201128021359.0 | ||
| 008 | 080327s2008 enka frb 001 0 eng d | ||
| 020 | _a9780240520063 (pbk.) : | ||
| 040 |
_aStDuBDS _beng _cStDuBDS _dUk _dEG-ScBUE |
||
| 082 | 0 | 4 |
_a621.3828 _bHEC _222 |
| 100 | 1 |
_aHechtman, John. _938519 |
|
| 245 | 1 | 4 |
_aAudio wiring guide : _bhow to wire the most popular audio and video connectors / _cJohn Hechtman and Ken Benshish. |
| 250 | _31st ed. | ||
| 260 |
_aOxford ; _aBurlington : _bFocal Press / Elsevier, _c2008. |
||
| 300 |
_avi, 328 p. : _bill. (col.) ; _c24 cm. |
||
| 500 | _aIndex : p. 323-328. | ||
| 504 | _aIncludes bibliographical references. | ||
| 650 | 0 |
_aAcoustical engineering. _2BUEsh _9319 |
|
| 650 | 0 |
_aElectric cables. _2BUEsh |
|
| 650 | 0 |
_aElectric wiring. _2BUEsh _910742 |
|
| 651 | _2BUEsh | ||
| 653 |
_bENGGEN _cJune2015 _cOctober2015 |
||
| 700 | 1 | _aBenshish, Ken. | |
| 942 |
_2ddc _k621.3828 HEC |
||
| 999 |
_c20019 _d19991 |
||